<?xml version="1.0" encoding="UTF-8"?>
<record
    xmlns:xsi="http://www.w3.org/2001/XMLSchema-instance"
    xsi:schemaLocation="http://www.loc.gov/MARC21/slim http://www.loc.gov/standards/marcxml/schema/MARC21slim.xsd"
    xmlns="http://www.loc.gov/MARC21/slim">

  <leader>01015nam a2200217 a 4500</leader>
  <controlfield tag="001">54169</controlfield>
  <controlfield tag="003">BD-RjUL</controlfield>
  <controlfield tag="005">20211209080100.0</controlfield>
  <controlfield tag="008">161102s1968    ii ||||| |||| 00| p ben d</controlfield>
  <datafield tag="035" ind1=" " ind2=" ">
    <subfield code="a">(BD-RjUL)54291</subfield>
  </datafield>
  <datafield tag="040" ind1=" " ind2=" ">
    <subfield code="a">BD-RjUL</subfield>
    <subfield code="b">ben </subfield>
    <subfield code="c">BD-RjUL</subfield>
    <subfield code="d">BD-RjUL</subfield>
  </datafield>
  <datafield tag="041" ind1=" " ind2=" ">
    <subfield code="a">ben </subfield>
  </datafield>
  <datafield tag="082" ind1=" " ind2=" ">
    <subfield code="2">23 </subfield>
    <subfield code="a">891.4409</subfield>
    <subfield code="b">GHU 1968</subfield>
  </datafield>
  <datafield tag="100" ind1="1" ind2=" ">
    <subfield code="a">&#x998;&#x9CB;&#x9B7;, &#x9AA;&#x9CD;&#x9B0;&#x9A3;&#x9AC;&#x9B0;&#x99E;&#x9CD;&#x99C;&#x9A8;</subfield>
    <subfield code="9">146650</subfield>
  </datafield>
  <datafield tag="245" ind1="1" ind2="0">
    <subfield code="a">&#x98A;&#x9A8;&#x9AC;&#x9BF;&#x982;&#x9B6; &#x9B6;&#x9A4;&#x9BE;&#x9AC;&#x9CD;&#x9A6;&#x9C0;&#x9A4;&#x9C7; &#x9AC;&#x9BE;&#x999;&#x9BE;&#x9B2;&#x9C0;&#x9B0; &#x9AE;&#x9A8;&#x9A8; &#x993; &#x9B8;&#x9BE;&#x9B9;&#x9BF;&#x9A4;&#x9CD;&#x9AF; : </subfield>
    <subfield code="b">&#x9B0;&#x9BE;&#x99C;&#x9BE; &#x9B0;&#x9BE;&#x9AE;&#x9AE;&#x9CB;&#x9B9;&#x9A8; &#x9B0;&#x9BE;&#x9AF;&#x9BC; &#x9A5;&#x9C7;&#x995;&#x9C7; &#x9B6;&#x9CD;&#x9B0;&#x9C0;&#x9B0;&#x9BE;&#x9AE;&#x995;&#x9C3;&#x9B7;&#x9CD;&#x9A3; &#x9AA;&#x9B0;&#x9AE;&#x9B9;&#x982;&#x9B8;&#x9A6;&#x9C7;&#x9AC; /</subfield>
    <subfield code="c">&#x9AA;&#x9CD;&#x9B0;&#x9A3;&#x9AC;&#x9B0;&#x99E;&#x9CD;&#x99C;&#x9A8; &#x998;&#x9CB;&#x9B7;, </subfield>
  </datafield>
  <datafield tag="260" ind1=" " ind2=" ">
    <subfield code="a">&#x995;&#x9B2;&#x995;&#x9BE;&#x9A4;&#x9BE; :</subfield>
    <subfield code="b">&#x9B2;&#x9C7;&#x996;&#x9BE;&#x9AA;&#x9A1;&#x9BC;&#x9BE;, </subfield>
    <subfield code="c">&#x9E7;&#x9EF;&#x9EC;&#x9EE;</subfield>
  </datafield>
  <datafield tag="300" ind1=" " ind2=" ">
    <subfield code="a">[&#x9E7;&#x9E6;], &#x9E8;&#x9EB;&#x9EF; &#x9AA;&#x9C3;. ; </subfield>
    <subfield code="c">&#x9E8;&#x9E7; &#x9B8;&#x9C7;&#x9AE;&#x9BF;. </subfield>
  </datafield>
  <datafield tag="650" ind1=" " ind2=" ">
    <subfield code="a">&#x9AC;&#x9BE;&#x982;&#x9B2;&#x9BE; &#x9B8;&#x9BE;&#x9B9;&#x9BF;&#x9A4;&#x9CD;&#x9AF;</subfield>
    <subfield code="y">&#x98A;&#x9A8;&#x9AC;&#x9BF;&#x982;&#x9B6; &#x9B6;&#x9A4;&#x9BE;&#x9AC;&#x9CD;&#x9A6;&#x9C0;</subfield>
    <subfield code="9">145066</subfield>
  </datafield>
  <datafield tag="650" ind1=" " ind2=" ">
    <subfield code="a">Bengali literature</subfield>
    <subfield code="y">19th century</subfield>
    <subfield code="9">161699</subfield>
  </datafield>
  <datafield tag="942" ind1=" " ind2=" ">
    <subfield code="2">ddc</subfield>
    <subfield code="c">BK</subfield>
    <subfield code="0">1</subfield>
  </datafield>
  <datafield tag="999" ind1=" " ind2=" ">
    <subfield code="c">54169</subfield>
    <subfield code="d">54169</subfield>
  </datafield>
  <datafield tag="952" ind1=" " ind2=" ">
    <subfield code="0">0</subfield>
    <subfield code="1">0</subfield>
    <subfield code="2">ddc</subfield>
    <subfield code="4">0</subfield>
    <subfield code="7">0</subfield>
    <subfield code="8">NFIC</subfield>
    <subfield code="a">RUCL</subfield>
    <subfield code="b">RUCL</subfield>
    <subfield code="c">Stack</subfield>
    <subfield code="d">1972-11-27</subfield>
    <subfield code="e">India International, kolikata.</subfield>
    <subfield code="g">8.00</subfield>
    <subfield code="l">0</subfield>
    <subfield code="o">B 891.4409034 GHU 1968</subfield>
    <subfield code="r">2016-11-02 00:00:00</subfield>
    <subfield code="t">C-2</subfield>
    <subfield code="w">2016-11-02</subfield>
    <subfield code="y">BK</subfield>
  </datafield>
  <datafield tag="952" ind1=" " ind2=" ">
    <subfield code="0">0</subfield>
    <subfield code="1">0</subfield>
    <subfield code="2">ddc</subfield>
    <subfield code="4">0</subfield>
    <subfield code="7">0</subfield>
    <subfield code="8">NFIC</subfield>
    <subfield code="a">RUCL</subfield>
    <subfield code="b">RUCL</subfield>
    <subfield code="c">Stack</subfield>
    <subfield code="d">1978-11-27</subfield>
    <subfield code="e">India International, kolikata.</subfield>
    <subfield code="g">8.00</subfield>
    <subfield code="l">1</subfield>
    <subfield code="o">B 891.4409034 GHU 1968</subfield>
    <subfield code="r">2017-01-22 00:00:00</subfield>
    <subfield code="s">2017-01-19</subfield>
    <subfield code="t">C-3</subfield>
    <subfield code="w">2016-11-17</subfield>
    <subfield code="y">BK</subfield>
  </datafield>
  <datafield tag="952" ind1=" " ind2=" ">
    <subfield code="0">0</subfield>
    <subfield code="1">0</subfield>
    <subfield code="2">ddc</subfield>
    <subfield code="4">0</subfield>
    <subfield code="7">1</subfield>
    <subfield code="8">NFIC</subfield>
    <subfield code="a">RUCL</subfield>
    <subfield code="b">RUCL</subfield>
    <subfield code="c">Reading</subfield>
    <subfield code="d">1973-04-30</subfield>
    <subfield code="e">Presented by Indian Govt.</subfield>
    <subfield code="g">0.00</subfield>
    <subfield code="l">0</subfield>
    <subfield code="o">B 891.4409 GHU 1968</subfield>
    <subfield code="r">2017-02-26 00:00:00</subfield>
    <subfield code="t">C-1</subfield>
    <subfield code="w">2021-12-09</subfield>
    <subfield code="y">BK</subfield>
  </datafield>
</record>
